Same First Letter Capitals of Bordering Countries - Statistics

General Stats
  • This quiz has been taken 34 times
  • The average score is 27 of 46
Answer Stats
Letter Capital Country % Correct
B Berlin Germany
88%
B Berlin Germany
88%
B Bogota Colombia
88%
B Brasilia Brazil
88%
B Brasilia Brazil
88%
B Bucharest Romania
88%
B Buenos Aires Argentina
88%
B Brussels Belgium
85%
B Budapest Hungary
85%
B Budapest Hungary
85%
M Moscow Russia
85%
B Beijing China
77%
B Belgrade Serbia
73%
B Bern Switzerland
69%
A Ankara Turkey
65%
B Bratislava Slovakia
65%
K Kinshasa DR Congo
65%
N New Delhi India
65%
M Minsk Belarus
62%
V Vienna Austria
62%
A Athens Greece
58%
L Luanda Angola
58%
A Addis Ababa Ethiopia
54%
B Bishkek Kyrgyzstan
54%
K Kampala Uganda
54%
K Kigali Rwanda
54%
P Paris France
54%
V Vaduz Liechtenstein
54%
A Asmara Eritrea
50%
A Astana Kazakhstan
50%
L Lilongwe Malawi
50%
L Lusaka Zambia
50%
L Lusaka Zambia
50%
P Paramaribo Suriname
42%
B Brazzaville Rep. of the Congo
38%
N Naypyidaw Myanmar
38%
P Podgorica Montenegro
38%
S Santiago Chile
38%
A Ashgabat Turkmenistan
35%
M Maputo Mozambique
35%
P Pristina Kosovo
35%
S Sofia Bulgaria
35%
S Sucre Bolivia
35%
B Bangui Central African Rep.
31%
S Skopje Macedonia
31%
M Mbabane Swaziland
27%
No matching quizzes found
Score Distribution
Percent of People with Each Score
Percentile by Number Answered
Your Score History
You have not taken this quiz